| 000 | 01412nam a2200313 c 4500 | ||
|---|---|---|---|
| 003 | BLK | ||
| 005 | 20180422115516.0 | ||
| 008 | 180411b bul|||||r ||||||| ||bul|| | ||
| 010 | _aKNG00195997000 | ||
| 040 | _aBLK | ||
| 041 |
_aBUL _cBUL |
||
| 080 |
_aОбщи въпроси на дидактиката и методиката _b37.02 _x(075.8) _z37.02(075.8) |
||
| 100 | 1 |
_aПетров, Петър Диков _eпърви автор _9366242 |
|
| 700 | 1 |
_aАнтонова, Антоанета Венкова _eсъавт. _9384474 |
|
| 700 | 1 |
_aТодорина, Добринка Лукова _eсъавт. _9366962 |
|
| 139 |
_aПетров, Петър Диков и др. _bП 47 |
||
| 245 | 1 | 0 |
_aРъководство за семинарни и практически занятия по дидактика _bЗа студентите от ВПИ - Благоевград _cПетър Диков Петров; съавт. Антоанета Венкова Антонова; съавт. Добринка Лукова Тодорина. |
| 257 | _aBGR | ||
| 260 |
_аБлагоевград _bВПИ _c1988 |
||
| 300 |
_a232 с. _c21 см |
||
| 380 | _a3 | ||
| 500 | _a785 тир. | ||
| 650 | 4 |
_aДидактика - учебници за ВУЗ _9247958 |
|
| 852 | _aЦб 160154 | ||
| 856 | 4 |
_qpdf _u |
|
| 856 | 4 |
_qpdf _u |
|
| 942 |
_cKNG _n0 |
||
| 944 |
_aCR _c14.11.2016 _kПравда_Бадева |
||
| 944 |
_aED _c14.11.2016 _kПравда_Бадева |
||
| 999 |
_c186993 _d186993 |
||